• 首页
  • 本馆介绍
  • 公告通知
  • 最新文献
  • 馆藏检索
  • 电子资源
  • 读者导购
  • 参考咨询
  • 我的图书馆
  • 登录
  • 详细信息显示
  • 放入我的书架
  • 预约/预借图书
  • 作者相关作品
  • 分类相关作品
  • 丛书相关作品
  • 出版社相关作品

书目信息

  • 表格格式
  • 工作单格式
  • 卡片格式
题名:
犯罪心理学
    
 
作者: 森武夫 ;邵道生 译
分册:  
出版信息: 北京   知识出版社  1982.08
页数: 232页
开本: 19cm
丛书名:
单 册:
中图分类: B849:D917
科图分类:
主题词: 应用心理学
电子资源:
ISBN:
000 00619nam0 2200217 45
001 0181024957
005 20051031150944.85
010    @dCNY0.62
091    @a2214.7
100    @a20810111d km y0chiy0120 ea
101 0  @achi
105    @aa z 000yy
200 1  @a犯罪心理学@AFAN ZUI XIN LI XUE@f(日)森武夫@F( RI) SEN WU FU@g邵道生等译@Gshao dao sheng deng yi
210    @a北京@c知识出版社@d1982.08
215    @a232页@c图表@d19cm
606 0  @a应用心理学
690    @aB849:D917@v3
701 0  @a森武夫
702  0 @a邵道生@Ashao dao sheng@4译
801    @aCN@bTSTC@c20051031
905    @dB849:D917@e194@f2@b86900-901
    
    犯罪心理学/(日)森武夫/邵道生等译.-北京:知识出版社,1982.08
    232页:图表;19cm
    
    
    ISBN :CNY0.62
    
●
相关链接 在E读中查询图书 在五车中查询图书 在当当中查询图书 在豆瓣中查询图书


正题名:犯罪心理学     索取号:B849:D917/194         预约/预借

序号 登录号 条形码 馆藏地/架位号 状态 备注
1 0086898   001858564   密集书库/ [索取号:B849:D917/194] 在馆    
2 0086900   001129344   第一样本阅览室/ [索取号:B849:D917/194] 在馆    
3 0086901   001129353   第一借阅区/ [索取号:B849:D917/194] 在馆    
4 0086902   000513411   密集书库/ [索取号:B849:D917/194] 在馆    
5 0129297   000513395   第一借阅区/ [索取号:B849:D917/194] 在馆    
6 0129298   001858537   密集书库/ [索取号:B849:D917/194] 在馆    
唐山师范学院图书馆 欢迎您!
大连网信软件有限公司© 版权所有